书目信息 |
| 题名: |
集体教育
|
|
| 作者: | 赵玉如 著 | |
| 分册: | ||
| 出版信息: | 北京 教育科学出版社 1999 |
|
| 页数: | 144页 | |
| 开本: | 20cm | |
| 丛书名: | 基础教育新概念 | |
| 单 册: | ||
| 中图分类: | G417 | |
| 科图分类: | ||
| 主题词: | 集体主义教育--学校教育 , 集体主义教育 , 学校教育 | |
| 电子资源: | ||
| ISBN: | 7-5041-1853-2 | |
| 000 | 00664oam2 2200253 450 | |
| 001 | 1557293910 | |
| 005 | 20150128100815.95 | |
| 010 | @a7-5041-1853-2@dCNY7.00 | |
| 100 | @a19990423d1999 em y0chiy0110 ea | |
| 101 | 0 | @achi |
| 102 | @aCN@b110000 | |
| 105 | @ay z 000yy | |
| 200 | 1 | @a集体教育@Aji ti jiao yu@f赵玉如著 |
| 210 | @a北京@c教育科学出版社@d1999 | |
| 215 | @a144页@d20cm | |
| 225 | 2 | @a基础教育新概念@hB |
| 461 | 0 | @12001 @a基础教育新概念 |
| 606 | 0 | @a集体主义教育@x学校教育 |
| 606 | 0 | @a集体主义教育 |
| 606 | 0 | @a学校教育 |
| 690 | @aG417@v3 | |
| 701 | 0 | @a赵玉如@Azhao yu ru@4著 |
| 801 | 0 | @aCN@bTSSF@c20150128 |
| 905 | @aZUCC@dG417@eJY1 | |
| 集体教育/赵玉如著.-北京:教育科学出版社,1999 |
| 144页;20cm.-(基础教育新概念.B) |
| ISBN 7-5041-1853-2:CNY7.00 |
| ● |
| 相关链接 |
|
|
|
|
正题名:集体教育
索取号:G417/JY1
 
预约/预借
| 序号 | 登录号 | 条形码 | 馆藏地/架位号 | 状态 | 备注 |
| 1 | 7858342 | 278583427 | 学院路分馆/ [索取号:G417/JY1] | 在馆 | |
| 2 | 7858343 | 278583436 | 学院路分馆/ [索取号:G417/JY1] | 在馆 |